000 00546nam a22001937a 4500
003 KOHA_MİRAKIL
005 20251117172555.0
008 251117b tu ||||| |||| 00| 0 tur d
020 _a9786057717542
040 _aTR-AnABB
_btur
_cTR-AnABB
041 _atur
082 _a823.912
_bMAR 2020
100 1 _aTwain, Mark,
245 1 0 _aHuckleberry Fınn'in Maceraları /
_cMark Twain
260 _aİstanbul :
_bTurkuvaz Yayınları,
_c2020
300 _a352 sayfa ;
_c17 cm
650 0 4 _aAmerikan edebiyatı, roman
942 _2ddc
_cBK
999 _c9500
_d9500
900 _bGizem YORULMAZ